000 00509nam a2200193 a 4500
001 BRCA_6699
005 20190320205547.0
008 171011s1922----gw-#######---#000-0#ger-#
041 _ager
_hgw
050 4 _aPT2639 T484
_b.S65
_c1922
100 1 _aSterneder, Hans
_916748
245 1 0 _aDer Sonnenbruder
_bRoman
_cvon Hans Sterneder
260 _aLeipzig, Alemania
_bL. Saackmann
_c1922
300 _a408 p.
_c19 cm.
500 _aI80
650 1 4 _aLiteratura Alemana
_96160
902 _aGFM
942 _2lcc
_cB
999 _c6382
_d6382